Mystery Countries Commonality Puzzle #1 - Statistics

General Stats
  • This quiz has been taken 975 times
  • The average score is 10 of 12
Answer Stats
Commonality # % Correct
Their continent Europe, Africa 97
98%
Shared time zone UTC+1, UTC+3 63
97%
Number of letters 5, 6 54
96%
Number of borders 6, 5 35
90%
Shared border (shared border) 35
90%
Their currency Euro, Shilling 27
86%
Their first letter I, U 14
81%
Their sex ratio 0.93, 0.99 24 ✓-
81%
An official language Italian, English, Swahili 56
79%
Capital's first letter R or K 15
70%
Unknown Country ITALY
51%
Unknown Country UGANDA
35%
No matching quizzes found
Score Distribution
Percent of People with Each Score
Percentile by Number Answered
Your Score History
You have not taken this quiz